ドドチャンネル(中谷圭作)が言えなかったアルファベット - Statistics

General Stats
  • This quiz has been taken 12 times
  • The average score is 7 of 10
Answer Stats
Answer % Correct
G
78%
H
78%
K
78%
M
67%
W
67%
X
67%
Y
67%
N
56%
Z
56%
V
44%
No matching quizzes found
Score Distribution
Percent of People with Each Score
Percentile by Number Answered
Your Score History
You have not taken this quiz